000 00566nam a2200181Ia 4500
008 151202s9999||||xx |||||||||||||| ||und||
082 _bPNVM-59516
100 _aभिडे चारुशिला.
245 _aपुत्रवती.
260 _b"देविका प्रकाशन,पुणे."
260 _c59516
300 _a123
600 _aभिडे चारुशिला.
630 _aपुत्रवती.
700 _aभिडे चारुशिला.
730 _aपुत्रवती.
942 _cBOOK
999 _c1326050
_d1326047